000 00288nam a22001217a 4500
008 180306b xxu||||| |||| 00| 0 eng d
041 _aeng
080 _a82
100 _a21
101 _aGJL
245 _aSuccess with words a guide to the american language
_cDigest,R
942 _2udc
_cBK
999 _c44147
_d44147